书目信息 |
| 题名: |
音乐教学与表演艺术研究
|
|
| 作者: | 徐勤娜 , 赵玉岩 岩著 | |
| 分册: | ||
| 出版信息: | 长春 吉林出版集团股份有限公司 2021.6 |
|
| 页数: | 116页 | |
| 开本: | 23cm | |
| 丛书名: | ||
| 单 册: | ||
| 中图分类: | J604.6 | |
| 科图分类: | ||
| 主题词: | 音乐表演学--教学研究--高等学校 | |
| 电子资源: | ||
| ISBN: | 978-7-5581-8434-5 | |
| 000 | 01048nam0 2200241 45 | |
| 001 | 012001001253 | |
| 005 | 20130911083150.0 | |
| 010 | @a978-7-5581-8434-5@dCNY58.00 | |
| 100 | @a20200520d2020 em y0chiy0110 ea | |
| 101 | 0 | @achi |
| 102 | @aCN@b220000 | |
| 105 | @ay z 000yy | |
| 106 | @ar | |
| 200 | 1 | @a音乐教学与表演艺术研究@Ayin le jiao xue yu biao yan yi shu yan jiu@f徐勤娜, 赵玉岩著 |
| 210 | @a长春@c吉林出版集团股份有限公司@d2021.6 | |
| 215 | @a116页@d23cm | |
| 330 | @a本书从音乐基础理论的教学与表演入手,对当今传统音乐教学方法做了新的发展,研究怎样在现有的形式与条件下,在新的音乐教育理念指导下,开展音乐教育工作。在高校形成良好的音乐艺术氛围,培养大学生良好的音乐修养,陶冶情操,潜移默化地开发他们的创作思维。音乐教学不仅是学生音乐能力和素质培养的基本手段,更是提高学生的审美能力,塑造其完美人格的重要途径。 | |
| 606 | 0 | @a音乐表演学@x教学研究@x高等学校 |
| 690 | @aJ604.6@v5 | |
| 701 | 0 | @a徐勤娜@Axu qin na@4岩著 |
| 701 | 0 | @a赵玉岩@Azhao yu yan@4著 |
| 801 | @aCN@b江苏凤凰@c20211018 | |
| 905 | @b1342785-8@dJ604.6@e1310@f4 | |
| 音乐教学与表演艺术研究/徐勤娜, 赵玉岩著.-长春:吉林出版集团股份有限公司,2021.6 |
| 116页;23cm |
| ISBN 978-7-5581-8434-5:CNY58.00 |
| 本书从音乐基础理论的教学与表演入手,对当今传统音乐教学方法做了新的发展,研究怎样在现有的形式与条件下,在新的音乐教育理念指导下,开展音乐教育工作。在高校形成良好的音乐艺术氛围,培养大学生良好的音乐修养,陶冶情操,潜移默化地开发他们的创作思维。音乐教学不仅是学生音乐能力和素质培养的基本手段,更是提高学生的审美能力,塑造其完美人格的重要途径。 |
| ● |
| 相关链接 |
|
|
|
|
正题名:音乐教学与表演艺术研究
索取号:J604.6/1310
 
预约/预借
| 序号 | 登录号 | 条形码 | 馆藏地/架位号 | 状态 | 备注 |
| 1 | 1342785 | 213427852 | 第一样本阅览室/ [索取号:J604.6/1310] | 在馆 | |
| 2 | 1342786 | 213427861 | 第一借阅区/ [索取号:J604.6/1310] | 在馆 | |
| 3 | 1342787 | 213427870 | 第一借阅区/ [索取号:J604.6/1310] | 在馆 | |
| 4 | 1342788 | 213427889 | 第一借阅区/ [索取号:J604.6/1310] | 在馆 |